| 000 | 02621nab a2200265 i 4500 | ||
|---|---|---|---|
| 003 | BR-BrBNA | ||
| 005 | 20241104141406.0 | ||
| 008 | 241104b2008 bl.qr|pooa||| 00| 0 por | | ||
| 040 |
_aBR-BrBNA _bpor |
||
| 072 | _aF70 | ||
| 100 | _aDutra, Valquíria Ferreira | ||
| 100 | _aGarcia, Flávia Cristina Pinto | ||
| 100 | _aLima, Haroldo Cavalcante de | ||
| 245 | _aMimosoideae (Leguminosae) nos campos rupestres do Parque Estadual do Itacolomi, Minas Gerais, Brasil | ||
| 500 | _aPublicação on-line; 30 ref.; 3 illus.; Summaries (En, Pt) | ||
| 520 | _a RESUMO (Mimosoideae (Leguminosae) nos campos rupestres do Parque Estadual do Itacolomi, Minas Gerais, Brasil) Este trabalho trata do estudo taxonômico das espécies de Mimosoideae encontradas nos campos rupestres do Parque Estadual do Itacolomi (PEI), situado no sul da Cadeia do Espinhaço. As coletas foram mensais, no período compreendido entre setembro de 2003 e outubro de 2004, em oito trilhas preestabelecidas. Foram encontradas 11 espécies de Mimosoideae, reunidas em três gêneros: Abarema (1 sp.), Inga (2 spp.) e Mimosa (8 spp.). São apresentadas chaves, descrições e ilustrações para as espécies. Além disso, são fornecidos dados sobre a distribuição geográfica, fenologia, taxonomia e hábitat das espécies estudadas. Palavras-chave: Cadeia do Espinhaço, flora, Abarema, Mimosa, Inga. Mimosaceae, Fabaceae. | ||
| 520 | _a ABSTRACT (Mimosoideae (Leguminosae) in the “campos rupestres” of the Itacolomi State Park, Minas Gerais, Brasil) A taxonomic treatment of the species of Mimosoideae from “campos rupestres” of the Itacolomi State Park (PEI), south portion of Espinhaço Range, is presented. Field trips were performed monthly, from September/ 2003 to October/2004, in eight pre-established trails. Eleven species of Mimosoideae were found, belonging to three genera: Abarema (1 sp.), Inga (2 spp.) and Mimosa (8 spp.). An analytic key, species diagnoses and illustrations are presented. Additional informations are providing concerning geographic distribution, phenology, taxonomy and habitats. Key words: Espinhaço Range, flora, Abarema, Mimosa, Inga. Mimosaceae, Fabaceae. | ||
| 650 | _aFLORA | ||
| 650 | _aMIMOSA | ||
| 650 | _aMIMOSOIDEAE | ||
| 773 | 0 |
_0709 _9345890 _dRio de Janeiro-RJ Jardim Botanico do Rio de Janeiro 1935 _o2024-6540 _tRodriguésia (Brazil) _x0370-6583; 2175-7860 on-line _gv. 59(3) p. 573-585; (2008) _wBR2024003278 |
|
| 856 | _uhttps://www.scielo.br/j/rod/a/MX8C7cpRZkv5RLvQgMybBpm/?format=pdf&lang=pt | ||
| 942 | _cANA | ||
| 999 |
_c328408 _d328408 |
||